| 000 | 00983nam a2200253Ia 4500 | ||
|---|---|---|---|
| 003 | IN-BaIIA | ||
| 008 | 211028s9999 xx 000 0 eng d | ||
| 020 | _a90-277-0479-1 | ||
| 040 | _cIIA Library | ||
| 080 |
_a082.2:52 _bIAU-S59 |
||
| 111 |
_aInternational Astronomical Union Symposium _n59th _cCanberra, Australia _d1973 Aug. 16-18 _98343 |
||
| 245 | 0 |
_aStellar instability and evolution _bproceedings of the IAU symposium No.59, held in Mount Stromlo, Canberra, Australia, August 16-18, 1973 _cedited by P. Ledoux, A. Noels and A. W. Rodgers |
|
| 260 |
_aDordrecht _bD. Reidel Publishing _c1974 |
||
| 300 | _axi, 198p. | ||
| 490 | _aIAU Symposium; no. 59 | ||
| 650 |
_a Stellar evolution _98344 |
||
| 650 |
_a Stellar instability _98345 |
||
| 650 |
_aAstronomy and Astrophysics Thesaurus _91143 |
||
| 700 |
_aLedoux, P., ed. _98346 |
||
| 700 |
_aNoels, A., ed. _98347 |
||
| 700 |
_aRodgers, A. W., ed. _98348 |
||
| 710 | _aInternational Astronomical Union | ||
| 942 | _cBK | ||
| 999 |
_c4710 _d4710 |
||